[Event "4NCL/Div1/WGR1 vs. BET"]
[Site "West Bromwich ENG"]
[Date "2004.11.21"]
[Round "4.1"]
[White "Shirov, Alexei"]
[Black "Williams, Simon K"]
[Result "1-0"]
[WhiteElo "2726"]
[BlackElo "2473"]
[PlyCount "107"]
[EventDate "2004.11.21"]
[SourceDate "2004.09.21"]

1. e4 c5 2. Nf3 d6 3. d4 cxd4 4. Nxd4 Nf6 5. Nc3 g6 6. Be3 Bg7 7. f3 a6 8. Qd2
Nbd7 9. O-O-O b5 10. g4 Bb7 11. g5 Nh5 12. Nce2 Nb6 13. Ng3 Nxg3 14. hxg3 d5
15. exd5 Qxd5 16. b3 Qe5 17. f4 Qd6 18. Bg2 Nd5 19. Bxd5 Bxd5 20. Rhe1 Qa3+ 21.
Kb1 O-O 22. Qd3 Rfd8 23. Bc1 Qc5 24. Bb2 Bb7 25. Qe3 Rd7 26. Rd3 Rad8 27. Red1
e5 28. fxe5 Qxe5 29. Qxe5 Bxe5 30. Ne6 Rxd3 31. cxd3 fxe6 32. Bxe5 Be4 33. Kc2
Bf5 34. Kc3 a5 35. a4 Rc8+ 36. Kd4 b4 37. Ke3 Rc2 38. Kf3 h5 39. gxh6 g5 40. g4
Bg6 41. Ke3 Rc5 42. Bg7 Rc8 43. Kd2 e5 44. Bxe5 Bf7 45. Rf1 Bxb3 46. Rf5 Bxa4
47. Rxg5+ Kh7 48. Bf4 Rg8 49. Rxa5 Be8 50. Ra7+ Kg6 51. Re7 Rf8 52. Rg7+ Kf6
53. Bg5+ Ke5 54. h7 1-0

[Event "4NCL/Div1/WGR1 vs. BET"]
[Site "West Bromwich ENG"]
[Date "2004.11.21"]
[Round "4.2"]
[White "Hunt, Adam C"]
[Black "Cramling, Pia"]
[Result "1-0"]
[WhiteElo "2434"]
[BlackElo "2477"]
[PlyCount "71"]
[EventDate "2004.11.21"]
[SourceDate "2004.09.21"]

1. e4 c5 2. Nf3 e6 3. d4 cxd4 4. Nxd4 a6 5. Bd3 Qb6 6. Nb3 Qc7 7. f4 d6 8. Qf3
Nf6 9. Nc3 b5 10. g4 Bb7 11. g5 Nfd7 12. Be3 Nc5 13. O-O-O Nxd3+ 14. Rxd3 Nd7
15. a3 Rc8 16. Qe2 Be7 17. Bd4 e5 18. Be3 exf4 19. Bxf4 Ne5 20. Rg3 b4 21. axb4
Qb6 22. Nd5 Bxd5 23. exd5 Qxb4 24. Bxe5 dxe5 25. Kb1 O-O 26. Rg4 Qb5 27. Qxe5
Rfe8 28. Nd4 Qd7 29. Qf5 Rcd8 30. Qxd7 Rxd7 31. c4 Bc5 32. Rd1 g6 33. Nb3 Bf8
34. c5 Rb7 35. Rg3 Reb8 36. d6 1-0

[Event "4NCL/Div1/WGR1 vs. BET"]
[Site "West Bromwich ENG"]
[Date "2004.11.21"]
[Round "4.3"]
[White "Cmilyte, Viktorija"]
[Black "Ledger, Andrew J"]
[Result "1/2-1/2"]
[WhiteElo "2442"]
[BlackElo "2450"]
[PlyCount "113"]
[EventDate "2004.11.21"]
[SourceDate "2004.09.21"]

1. d4 d5 2. c4 c6 3. Nc3 Nf6 4. Nf3 dxc4 5. a4 Bf5 6. e3 e6 7. Bxc4 Bb4 8. O-O
O-O 9. Nh4 Bg4 10. f3 Bh5 11. g3 Qe7 12. Qc2 c5 13. dxc5 Bxc5 14. Ne4 Nxe4 15.
Qxe4 Nc6 16. Bd2 Rfd8 17. Rfd1 Qg5 18. Kf2 Qe5 19. Qxe5 Nxe5 20. Rac1 Nxc4 21.
Rxc4 Bb6 22. Ke2 Rd7 23. g4 Bg6 24. Nxg6 hxg6 25. Rdc1 Rad8 26. Be1 Rd3 27.
R1c3 Rxc3 28. Bxc3 Rd5 29. b4 f6 30. a5 Bd8 31. e4 Rd7 32. b5 Kf7 33. Rc8 g5
34. Ra8 b6 35. a6 e5 36. Bd2 Be7 37. Be3 Ke6 38. Rc8 Bd8 39. h3 Bc7 40. Bf2 Kd6
41. Rg8 Ke6 42. Ra8 Bd8 43. Be1 Be7 44. Bf2 Bd8 45. Be3 Kf7 46. Bf2 Ke6 47. h4
gxh4 48. Bxh4 g5 49. Bf2 Kf7 50. Be1 Be7 51. Bf2 Bd8 52. Be3 Ke6 53. Rc8 Bc7
54. Bd2 Bd8 55. Rb8 Be7 56. Be3 Bd8 57. Bf2 1/2-1/2

[Event "4NCL/Div1/WGR1 vs. BET"]
[Site "West Bromwich ENG"]
[Date "2004.11.21"]
[Round "4.4"]
[White "Ansell, Simon"]
[Black "Kovalevskaya, Ekaterina"]
[Result "0-1"]
[WhiteElo "2403"]
[BlackElo "2471"]
[PlyCount "74"]
[EventDate "2004.11.21"]
[SourceDate "2004.09.21"]

1. e4 c5 2. Nf3 d6 3. c3 Nf6 4. Be2 g6 5. O-O Bg7 6. Bb5+ Bd7 7. Bxd7+ Nbxd7 8.
Re1 O-O 9. d4 cxd4 10. cxd4 e5 11. dxe5 dxe5 12. Nc3 h6 13. Be3 Qe7 14. Qb3 b6
15. a4 Nc5 16. Qa3 Rfe8 17. Bxc5 bxc5 18. Nd2 Rab8 19. Nc4 Red8 20. Qa2 Rd4 21.
f3 Qe6 22. b3 a6 23. Qc2 Bf8 24. Rab1 Ne8 25. Ne2 Rd7 26. Red1 Nd6 27. Ne3 Rdb7
28. Rd5 c4 29. Nxc4 Nxc4 30. Qxc4 Rb4 31. Qd3 Qb6+ 32. Kf1 Rxa4 33. bxa4 Qxb1+
34. Qxb1 Rxb1+ 35. Kf2 Ra1 36. Ra5 Bb4 37. Rxa6 Be1+ 0-1

[Event "4NCL/Div1/WGR1 vs. BET"]
[Site "West Bromwich ENG"]
[Date "2004.11.21"]
[Round "4.5"]
[White "Arakhamia-Grant, Ketevan"]
[Black "Ledger, David J"]
[Result "1/2-1/2"]
[WhiteElo "2460"]
[BlackElo "2267"]
[PlyCount "82"]
[EventDate "2004.11.21"]
[SourceDate "2004.09.21"]

1. e4 e5 2. Nf3 Nc6 3. Bc4 Bc5 4. c3 Nf6 5. d3 a6 6. O-O d6 7. Bb3 Ba7 8. Nbd2
O-O 9. h3 h6 10. Re1 Nh5 11. Nf1 Qf6 12. Be3 Nf4 13. Ng3 g6 14. d4 h5 15. Bxf4
Qxf4 16. Qd3 Bd7 17. Nf1 exd4 18. cxd4 Rae8 19. a3 Re7 20. Bc2 d5 21. N1d2 dxe4
22. Rxe4 Rxe4 23. Nxe4 Bf5 24. Re1 Rd8 25. Qe3 Qxe3 26. fxe3 Kg7 27. Nh4 Re8
28. Nxf5+ gxf5 29. Ng3 Nxd4 30. Nxf5+ Nxf5 31. Bxf5 Rxe3 32. Rxe3 Bxe3+ 33. Kf1
Bc1 34. Bc8 b6 35. b3 a5 36. a4 h4 37. Ke2 Kf6 38. Kd3 Ke5 39. Bb7 Kd6 40. Kc4
c6 41. Bc8 f6 1/2-1/2

[Event "4NCL/Div1/WGR1 vs. BET"]
[Site "West Bromwich ENG"]
[Date "2004.11.21"]
[Round "4.6"]
[White "Eames, Robert G"]
[Black "Sedina, Elena"]
[Result "0-1"]
[WhiteElo "2309"]
[BlackElo "2431"]
[PlyCount "50"]
[EventDate "2004.11.21"]
[SourceDate "2004.09.21"]

1. e4 e6 2. d4 d5 3. Nc3 Bb4 4. e5 c5 5. a3 Bxc3+ 6. bxc3 Qc7 7. Qg4 Ne7 8. Bd3
c4 9. Be2 Qa5 10. Bd2 Nf5 11. a4 Nc6 12. Nf3 Bd7 13. Ng5 h6 14. Qh5 Rf8 15. g4
Nfe7 16. Nf3 O-O-O 17. O-O f6 18. Rfb1 fxe5 19. Nxe5 Nxd4 20. Bd1 Be8 21. Nxc4
Qc5 22. cxd4 Qxd4 23. Qh4 dxc4 24. Be3 Qe4 25. Rxb7 Bc6 0-1

[Event "4NCL/Div1/WGR1 vs. BET"]
[Site "West Bromwich ENG"]
[Date "2004.11.21"]
[Round "4.7"]
[White "Hunt, Harriet"]
[Black "Ledger, Stephen C"]
[Result "1/2-1/2"]
[WhiteElo "2385"]
[BlackElo "2170"]
[PlyCount "141"]
[EventDate "2004.11.21"]
[SourceDate "2004.09.21"]

1. e4 c5 2. Nf3 Nc6 3. Bb5 g6 4. Bxc6 dxc6 5. d3 Bg7 6. h3 Nf6 7. Nc3 O-O 8.
Be3 Nd7 9. Qd2 e5 10. Bh6 Qe7 11. O-O f6 12. Bxg7 Kxg7 13. Nh2 Rf7 14. Rae1 Nf8
15. f4 exf4 16. Rxf4 Ne6 17. Rf2 Nd4 18. Nd1 Be6 19. c3 Nb5 20. a4 Nc7 21. Ne3
Rd8 22. Nf3 Qd7 23. d4 Bb3 24. Ng4 Be6 25. Qh6+ Kg8 26. Ne3 cxd4 27. cxd4 Bb3
28. e5 f5 29. Ng5 Rff8 30. Qh4 Ne6 31. Nxe6 Bxe6 32. Rd1 Rfe8 33. Rfd2 Qe7 34.
Qxe7 Rxe7 35. Kf2 Bb3 36. Ra1 Kf7 37. Ra3 Bd5 38. g3 h6 39. h4 Ke6 40. Nc2 a6
41. Ke3 Be4 42. Rc3 Bxc2 43. Rcxc2 Red7 {(=)} 44. b4 Rd5 45. Rc5 R8d7 46. Rxd5
Rxd5 47. Rg2 a5 48. Rb2 axb4 49. Rxb4 Rd7 50. Kd3 Kd5 51. a5 g5 52. hxg5 hxg5
53. Rc4 Rc7 54. Rc5+ Ke6 55. Ke3 Kd7 56. Rc2 Rc8 57. Rb2 Kc7 58. Rh2 Rd8 59.
Rh5 f4+ 60. gxf4 gxf4+ 61. Ke4 Rd5 62. Rh7+ Kc8 63. e6 f3 64. Rf7 Kd8 65. Rxb7
f2 66. Rf7 Rxa5 67. Rxf2 Ke7 68. Rc2 Kxe6 69. Rxc6+ Kd7 70. Rh6 Rb5 71. d5
1/2-1/2

[Event "4NCL/Div1/WGR1 vs. BET"]
[Site "West Bromwich ENG"]
[Date "2004.11.21"]
[Round "4.8"]
[White "Tidman, Sophie"]
[Black "Dembo, Yelena"]
[Result "0-1"]
[WhiteElo "2127"]
[BlackElo "2396"]
[PlyCount "72"]
[EventDate "2004.11.21"]
[SourceDate "2004.09.21"]

1. e4 c5 2. Nf3 Nc6 3. d4 cxd4 4. Nxd4 Nf6 5. Nc3 d6 6. Bg5 e6 7. Qd2 Be7 8.
O-O-O O-O 9. Nb3 Qb6 10. f3 Rd8 11. Nb5 Rd7 12. Qe1 a6 13. N5d4 Nxd4 14. Nxd4
Qc7 15. h4 b5 16. h5 h6 17. Bd2 Bb7 18. g4 Rc8 19. Bd3 Nh7 20. Rg1 e5 21. Nf5
Bg5 22. Ne3 Bf4 23. Nd5 Bxd5 24. exd5 Ng5 25. Bxf4 exf4 26. Rg2 Re7 27. Qb4
Nxf3 28. Qxf4 Ng5 29. Kb1 Rce8 30. a4 Qc5 31. axb5 axb5 32. Qf1 Ra8 33. Bxb5
Rea7 34. c4 Qb4 35. Qd3 Ra3 36. Qd4 Qb3 0-1

[Event "4NCL/Div1/RICA vs. NWE1"]
[Site "West Bromwich ENG"]
[Date "2004.11.21"]
[Round "4.1"]
[White "Wall, Gavin"]
[Black "Haslinger, Stewart"]
[Result "1-0"]
[WhiteElo "2385"]
[BlackElo "2405"]
[PlyCount "69"]
[EventDate "2004.11.21"]
[SourceDate "2004.09.21"]

1. e4 e5 2. Nf3 Nc6 3. Bc4 Bc5 4. c3 Nf6 5. d3 a6 6. Bb3 d6 7. Nbd2 Ba7 8. h3
Nh5 9. Nh2 Nf4 10. Qf3 Qf6 11. Ndf1 Nxd3+ 12. Qxd3 Qxf2+ 13. Kd1 Qxg2 14. Qf3
Bxh3 15. Bxf7+ Ke7 16. Bh5 Raf8 17. Bg5+ Qxg5 18. Qxh3 Rf4 19. Nf3 Qf6 20. N3d2
g6 21. Be2 h5 22. Ne3 Bxe3 23. Qxe3 g5 24. Kc2 g4 25. Rag1 Nd8 26. b4 Ne6 27.
Qa7 Rf2 28. Rf1 b6 29. Rxf2 Qxf2 30. Bxg4 h4 31. Bxe6 Kxe6 32. Qxc7 h3 33. Rf1
Qf4 34. Rxf4 exf4 35. Nc4 1-0

[Event "4NCL/Div1/RICA vs. NWE1"]
[Site "West Bromwich ENG"]
[Date "2004.11.21"]
[Round "4.2"]
[White "Trent, Lawrence"]
[Black "Van der Griendt, Jan W"]
[Result "1/2-1/2"]
[WhiteElo "2390"]
[BlackElo "2373"]
[PlyCount "52"]
[EventDate "2004.11.21"]
[SourceDate "2004.09.21"]

1. d4 Nf6 2. Bg5 e6 3. e4 h6 4. Bxf6 Qxf6 5. c3 d6 6. Bd3 Qd8 7. Ne2 c5 8. O-O
Be7 9. f4 d5 10. e5 Qb6 11. Nd2 Nc6 12. dxc5 Qxc5+ 13. Kh1 Bd7 14. Nb3 Qb6 15.
Ned4 g6 16. Qe2 h5 17. Nxc6 bxc6 18. c4 c5 19. Rac1 Rc8 20. Rcd1 d4 21. Be4 a5
22. Nc1 Rb8 23. Nd3 Qa6 24. Rc1 Kd8 25. Bf3 Kc7 26. Nf2 Rb4 1/2-1/2

[Event "4NCL/Div1/RICA vs. NWE1"]
[Site "West Bromwich ENG"]
[Date "2004.11.21"]
[Round "4.3"]
[White "Bates, Richard A"]
[Black "Hanley, Craig A"]
[Result "1/2-1/2"]
[WhiteElo "2381"]
[BlackElo "2396"]
[PlyCount "192"]
[EventDate "2004.11.21"]
[SourceDate "2004.09.21"]

1. d4 Nf6 2. Nf3 g6 3. g3 Bg7 4. Bg2 O-O 5. O-O d6 6. c4 Nc6 7. Nc3 a6 8. h3
Bd7 9. e4 e5 10. d5 Nd4 11. Nxd4 exd4 12. Qxd4 Qc8 13. e5 dxe5 14. Qh4 Nh5 15.
c5 f5 16. c6 bxc6 17. dxc6 Be6 18. Bg5 Qe8 19. Be7 e4 20. Nxe4 Rf7 21. Nc5 Rxe7
22. Nxe6 Rxe6 23. Bd5 Nf6 24. Bxe6+ Qxe6 25. Rfe1 Qxc6 26. Rac1 Qb6 27. Qc4+
Kh8 28. Qxc7 Qxb2 29. Rc2 Qd4 30. Qb7 Rg8 31. Qxa6 Ne4 32. Kg2 Nc3 33. Qc6 Qd3
34. Rcc1 Qd2 35. Qf3 Nxa2 36. Rcd1 Qb4 37. Qc6 Nc3 38. Rd7 Ne4 39. Re2 Qb8 40.
Re7 Qd8 41. Rd7 Qg5 42. h4 Qf6 43. Qxf6 Nxf6 44. Rb7 Rf8 45. Ree7 Bh6 46. Rf7
Kg8 47. Rxf8+ Bxf8 48. f4 Nd5 49. Kf3 Ne7 50. Rd7 Kf7 51. Rb7 Bg7 52. Rb6 Bd4
53. Rb4 Bc5 54. Rb1 h5 55. Rb5 Bd6 56. Rb6 Ke6 57. Ra6 Nd5 58. Ra8 Nf6 59. Ra7
Ne4 60. Ra6 Ke7 61. Ra7+ Kf6 62. Ra6 Kg7 63. Ra7+ Kh6 64. Ra4 Kg7 65. Ra7+ Kf6
66. Ra6 Ke6 67. Rb6 Nd2+ 68. Ke2 Ne4 69. Kf3 Nc5 70. Rb5 Nd7 71. Ra5 Bc5 72.
Ra6+ Nb6 73. Ra7 Nc4 74. Ra6+ Kf7 75. Rc6 Nd2+ 76. Kg2 Ne4 77. Rc7+ Kf8 78. Rc6
Kg7 79. Rc7+ Kh6 80. Rb7 Bf2 81. Rb3 Kg7 82. Rf3 Bc5 83. Rb3 Kf6 84. Rb2 Ke6
85. Ra2 Bd4 86. Ra6+ Kf7 87. Ra2 Bc5 88. Kf3 Bb4 89. Ra7+ Kg8 90. Ra8+ Kh7 91.
Ra4 Be1 92. Rxe4 fxe4+ 93. Kxe4 Bxg3 94. f5 gxf5+ 95. Kxf5 Kh6 96. Ke4 Bxh4
1/2-1/2

[Event "4NCL/Div1/RICA vs. NWE1"]
[Site "West Bromwich ENG"]
[Date "2004.11.21"]
[Round "4.4"]
[White "Littlewood, John E"]
[Black "Cech, Pavel"]
[Result "0-1"]
[WhiteElo "2308"]
[BlackElo "2403"]
[PlyCount "80"]
[EventDate "2004.11.21"]
[SourceDate "2004.09.21"]

1. e4 e6 2. Qe2 c5 3. Nf3 Nc6 4. g3 g6 5. Bg2 Bg7 6. O-O d6 7. d3 Nge7 8. c3
O-O 9. a3 b6 10. Rd1 Ba6 11. b4 Qc7 12. Bb2 Rad8 13. a4 cxb4 14. cxb4 Bxb2 15.
Qxb2 Ne5 16. Ne1 f5 17. Na3 Qd7 18. b5 Bb7 19. f4 Ng4 20. Qe2 e5 21. fxe5 dxe5
22. Nf3 Qd6 23. d4 fxe4 24. Ng5 Nf2 25. Rf1 Nd3 26. Qa2+ Bd5 27. Nxe4 Qb4 28.
Nf6+ Rxf6 29. Bxd5+ Nxd5 30. Rxf6 Qxd4+ 31. Kh1 N3b4 32. Qf2 Qxa1+ 33. Kg2 Qxa3
34. Rf3 Qa2 35. Qxa2 Nxa2 36. Rf2 Nac3 37. Rb2 e4 38. Kf2 e3+ 39. Kf3 Rf8+ 40.
Kg4 e2 0-1

[Event "4NCL/Div1/RICA vs. NWE1"]
[Site "West Bromwich ENG"]
[Date "2004.11.21"]
[Round "4.5"]
[White "Quinn, Mark"]
[Black "Kennaugh, Charles W"]
[Result "1/2-1/2"]
[WhiteElo "2409"]
[BlackElo "2281"]
[PlyCount "73"]
[EventDate "2004.11.21"]
[SourceDate "2004.09.21"]

1. c4 e6 2. d4 d5 3. Nf3 c6 4. Qc2 Nd7 5. g3 Ngf6 6. Bg2 Bd6 7. O-O O-O 8. Nc3
dxc4 9. Nd2 Nb6 10. a4 a5 11. Nce4 Nxe4 12. Bxe4 h6 13. Nxc4 Nxc4 14. Qxc4 e5
15. Be3 Qe7 16. dxe5 Bxe5 17. Rfd1 Be6 18. Qc2 Rfd8 19. f4 Bd6 20. Bb6 Bc7 21.
Bc5 Bd6 22. Bb6 Bc7 23. Bxc7 Qxc7 24. Qc5 Bb3 25. Rxd8+ Rxd8 26. Ra3 Bd5 27.
Bc2 b6 28. Qe3 c5 29. Rd3 Bc6 30. Rxd8+ Qxd8 31. Qe5 Qd4+ 32. Qxd4 cxd4 33. Kf2
Kf8 34. e3 dxe3+ 35. Kxe3 Ke7 36. Kd4 Kd6 37. Bb3 1/2-1/2

[Event "4NCL/Div1/RICA vs. NWE1"]
[Site "West Bromwich ENG"]
[Date "2004.11.21"]
[Round "4.6"]
[White "van der Linden, Lukas"]
[Black "Webb, Laurence E"]
[Result "1/2-1/2"]
[WhiteElo "2263"]
[BlackElo "2336"]
[PlyCount "92"]
[EventDate "2004.11.21"]
[SourceDate "2004.09.21"]

1. d4 Nf6 2. c4 e6 3. Nf3 c5 4. d5 exd5 5. cxd5 b5 6. Qc2 d6 7. e4 a6 8. a4 b4
9. Nbd2 Be7 10. Bd3 O-O 11. h3 a5 12. O-O Nbd7 13. Re1 Nb6 14. b3 Ba6 15. Bxa6
Rxa6 16. Bb2 Nfd7 17. Qd3 Ra8 18. Rac1 Re8 19. Nh2 Bg5 20. Qg3 Bf6 21. Bxf6
Qxf6 22. Ng4 Qg6 23. Qd3 Nf6 24. Nxf6+ Qxf6 25. Nc4 Nxc4 26. Rxc4 Re5 27. Re3
Rae8 28. Rc1 h5 29. Rce1 g5 30. Qa6 Qd8 31. Qe2 h4 32. Qd3 Kg7 33. R1e2 Qf6 34.
Qa6 Qd8 35. Qd3 R8e7 36. Kf1 Qd7 37. Re1 Kg6 38. Rf3 Qe8 39. Rfe3 Qd7 40. Rf3
Kg7 41. Rfe3 Qc8 42. Kg1 Rc7 43. Rc1 Rce7 44. Rc2 Kg6 45. Rc1 f5 46. f3 f4
1/2-1/2

[Event "4NCL/Div1/RICA vs. NWE1"]
[Site "West Bromwich ENG"]
[Date "2004.11.21"]
[Round "4.7"]
[White "Hinks-Edwards, Thomas"]
[Black "Lund, D Brett"]
[Result "1-0"]
[WhiteElo "2383"]
[BlackElo "2212"]
[PlyCount "65"]
[EventDate "2004.11.21"]
[SourceDate "2004.09.21"]

1. e4 e6 2. d4 c5 3. d5 exd5 4. exd5 d6 5. c4 g6 6. Bd3 Bg7 7. Nc3 Nd7 8. Nf3
Ne7 9. O-O O-O 10. Bg5 h6 11. Bf4 Ne5 12. Nxe5 dxe5 13. Be3 b6 14. Qd2 Kh7 15.
f4 Nf5 16. fxe5 Bxe5 17. Bf4 Bd4+ 18. Kh1 Bg7 19. Rae1 Bd7 20. Be5 Re8 21. Bxg7
Kxg7 22. Ne4 Rf8 23. g4 Nd4 24. Nf6 Qc7 25. Re7 Rad8 26. Qf2 Qd6 27. Rxd7 Rxd7
28. Nxd7 Qxd7 29. Qf6+ Kg8 30. Bxg6 Qxg4 31. Bxf7+ Kh7 32. Bg6+ Qxg6 33. Qe7+
1-0

[Event "4NCL/Div1/RICA vs. NWE1"]
[Site "West Bromwich ENG"]
[Date "2004.11.21"]
[Round "4.8"]
[White "Milligan, Helen"]
[Black "Wilson, Alexandra"]
[Result "1-0"]
[WhiteElo "2077"]
[BlackElo "2070"]
[PlyCount "99"]
[EventDate "2004.11.21"]
[SourceDate "2004.09.21"]

1. e4 e6 2. d4 d5 3. Nc3 Nf6 4. e5 Nfd7 5. f4 c5 6. Nf3 Nc6 7. Be3 a6 8. Be2 b5
9. O-O Be7 10. dxc5 Nxc5 11. a3 O-O 12. Kh1 f5 13. exf6 Rxf6 14. Nd4 Nxd4 15.
Bxd4 Rf8 16. Bg4 Bd6 17. Qe2 Qe7 18. Rae1 Re8 19. Qf3 Qf7 20. Qh3 Rb8 21. b4
Nb7 22. Qd3 Nd8 23. Be5 Bxe5 24. Rxe5 Nc6 25. Ree1 Bb7 26. Ne2 Qf6 27. Ng3 Qd4
28. Bxe6+ Kh8 29. Bxd5 Qxd3 30. cxd3 Red8 31. Be4 Nd4 32. Rc1 Bxe4 33. dxe4 Nb3
34. Rc3 Nd2 35. Rfc1 Nc4 36. h3 Rd2 37. e5 Rbd8 38. Ne4 Ra2 39. Nd6 Nxd6 40.
exd6 Rd2 41. Rc6 Kg8 42. Rxa6 R8xd6 43. Rxd6 Rxd6 44. Rc5 Ra6 45. Rxb5 Rxa3 46.
Rb7 Rb3 47. Kh2 h6 48. b5 Kh7 49. f5 Rc3 50. f6 1-0

[Event "4NCL/Div1/GUI2 vs. WGR2"]
[Site "West Bromwich ENG"]
[Date "2004.11.21"]
[Round "4.1"]
[White "Shaw, John K"]
[Black "Martin, Andrew D"]
[Result "0-1"]
[WhiteElo "2433"]
[BlackElo "2433"]
[PlyCount "108"]
[EventDate "2004.11.21"]
[SourceDate "2004.09.21"]

1. e4 b6 2. d4 Bb7 3. Nc3 e6 4. Nf3 d6 5. Bd3 Nd7 6. O-O g6 7. a4 Bg7 8. a5
bxa5 9. Be3 Ngf6 10. Nd2 O-O 11. Nb3 c6 12. Nxa5 Qc7 13. f4 Rab8 {(=)} 14. Qe2
Ba8 15. Nb3 c5 16. dxc5 dxc5 17. Ra2 Rb4 18. Nd2 Qb8 19. Nc4 Nd5 20. exd5 exd5
21. Nxd5 Bxd5 22. b3 Re8 23. Qd2 Bxc4 24. Bxc4 Rxc4 25. Qxd7 Rxe3 26. bxc4 Bd4
27. Kh1 Qxf4 28. Raa1 Bxa1 29. Rxa1 Qxc4 30. Qxa7 Qxc2 31. Rf1 Qc4 32. Qa8+ Kg7
33. Qa1+ Qd4 34. Qa7 Qf6 35. Kg1 Qe7 36. Qa1+ f6 37. h3 Re2 38. Kh1 Qe5 39.
Qa7+ Kh6 40. Qf7 Re1 41. Rxe1 Qxe1+ 42. Kh2 Qe5+ 43. g3 Qe2+ 44. Kg1 Qd1+ 45.
Kf2 Qd4+ 46. Kf3 c4 47. g4 Qd3+ 48. Kg2 Kg5 49. Qf8 Qe2+ 50. Kg3 Qe3+ 51. Kg2
c3 52. Qc8 Kh4 53. Qc7 Qxh3+ 54. Kf2 Kxg4 0-1

[Event "4NCL/Div1/GUI2 vs. WGR2"]
[Site "West Bromwich ENG"]
[Date "2004.11.21"]
[Round "4.2"]
[White "Pert, Richard G"]
[Black "Buckley, Graeme"]
[Result "1-0"]
[WhiteElo "2420"]
[BlackElo "2420"]
[PlyCount "107"]
[EventDate "2004.11.21"]
[SourceDate "2004.09.21"]

1. d4 Nf6 2. c4 g6 3. Nc3 Bg7 4. e4 d6 5. Be2 O-O 6. Nf3 e5 7. Be3 Ng4 8. Bg5
f6 9. Bc1 Nc6 10. d5 Ne7 11. h3 Nh6 12. h4 Bg4 13. h5 g5 14. Nh2 Bd7 15. Be3 c5
16. a3 f5 17. Bxg5 Nf7 18. Bh4 Qe8 19. g4 fxg4 20. Bxg4 Kh8 21. Bxd7 Qxd7 22.
Qg4 Qxg4 23. Nxg4 Ng8 24. Nb5 Rfc8 25. Ke2 a6 26. Nc3 Nfh6 27. Nxh6 Bxh6 28. a4
Rc7 29. Rag1 Rf8 30. Rg4 Rcf7 31. Rhg1 Nf6 32. Bxf6+ Rxf6 33. Nd1 R6f7 34. R1g3
Rf6 35. Rb3 R8f7 36. f3 Bc1 37. Nf2 Rd7 38. Rb6 Rf8 39. Rg1 Bf4 40. Nd3 Bh6 41.
Nxc5 Rdf7 42. Ne6 Rxf3 43. Nxf8 Re3+ 44. Kd1 Bxf8 45. Rxb7 Rxe4 46. Rb8 Rd4+
47. Ke2 Re4+ 48. Kd3 Rf4 49. h6 a5 50. c5 e4+ 51. Ke3 Rf3+ 52. Kxe4 Rf2 53. Rg3
Rf6 54. Rf3 1-0

[Event "4NCL/Div1/GUI2 vs. WGR2"]
[Site "West Bromwich ENG"]
[Date "2004.11.21"]
[Round "4.3"]
[White "Howell, David W L"]
[Black "Littlewood, Paul E"]
[Result "1-0"]
[WhiteElo "2340"]
[BlackElo "2380"]
[PlyCount "55"]
[EventDate "2004.11.21"]
[SourceDate "2004.09.21"]

1. e4 c5 2. c3 Nf6 3. e5 Nd5 4. d4 cxd4 5. Nf3 e6 6. cxd4 d6 7. Bc4 Nc6 8. O-O
Be7 9. Qe2 O-O 10. Nc3 Nxc3 11. bxc3 b6 12. h4 Bb7 13. Bd3 dxe5 14. dxe5 Qc7
15. Bg5 Rfd8 16. Rfe1 g6 17. Rad1 Bxg5 18. Nxg5 Ne7 19. h5 Qxc3 20. hxg6 hxg6
21. Qe3 Qb4 22. Qh3 Qf4 23. Qh7+ Kf8 24. Qh6+ Ke8 25. Qh8+ Ng8 26. Bxg6 Kf8 27.
Qh7 Bd5 28. g3 1-0

[Event "4NCL/Div1/GUI2 vs. WGR2"]
[Site "West Bromwich ENG"]
[Date "2004.11.21"]
[Round "4.4"]
[White "Levitt, Jonathan P"]
[Black "Cooksey, Paul S"]
[Result "1/2-1/2"]
[WhiteElo "2441"]
[BlackElo "2248"]
[PlyCount "35"]
[EventDate "2004.11.21"]
[SourceDate "2004.09.21"]

1. d4 d5 2. c4 c6 3. Nf3 Nf6 4. Bg5 dxc4 5. Nbd2 b5 6. e3 Bb7 7. Be2 Nbd7 8.
O-O e6 9. Qc2 Be7 10. b3 cxb3 11. Nxb3 O-O 12. e4 Rc8 13. Rad1 c5 14. e5 Nd5
15. Bxe7 Qxe7 16. Bxb5 cxd4 17. Qe4 Nc5 18. Nxc5 1/2-1/2

[Event "4NCL/Div1/GUI2 vs. WGR2"]
[Site "West Bromwich ENG"]
[Date "2004.11.21"]
[Round "4.5"]
[White "Thompson, Ian D"]
[Black "Pein, Malcolm"]
[Result "1/2-1/2"]
[WhiteElo "2235"]
[BlackElo "2419"]
[PlyCount "121"]
[EventDate "2004.11.21"]
[SourceDate "2004.09.21"]

1. c4 e6 2. Nc3 d5 3. d4 Nf6 4. Bg5 c6 5. e3 Nbd7 6. cxd5 exd5 7. Bd3 Be7 8.
Qc2 O-O 9. Nge2 Re8 10. O-O Nf8 11. f3 Ng6 12. Nf4 Nxf4 13. Bxf4 Be6 14. Rad1
Rc8 15. Be5 h6 16. f4 c5 17. Qf2 c4 18. Bb1 Ng4 19. Qe2 f5 20. h3 Nf6 21. g4
Ne4 22. Bxe4 fxe4 23. f5 Bf7 24. Qh2 Rf8 25. Rd2 Be8 26. Rdf2 Rc6 27. Ne2 b5
28. a3 a5 29. Nf4 Bf7 30. Ne6 Bxe6 31. fxe6 Rxe6 32. Rxf8+ Bxf8 33. Bc7 Qg5 34.
Qg3 b4 35. Bxa5 Bd6 36. Qe1 bxa3 37. bxa3 Bxa3 38. Rf5 Qe7 39. Rxd5 Rc6 40. Re5
Re6 41. Rxe6 Qxe6 42. Bb4 Bxb4 43. Qxb4 Qc6 44. Qc3 Qa4 45. Kf2 Qb3 46. Qa5 c3
47. Qd8+ Kh7 48. Qc8 c2 49. Qf5+ Kg8 50. Qc8+ Kh7 51. Qf5+ {(=)} g6 52. Qd7+
Kg8 53. Qc8+ Kg7 54. Qc7+ Kg8 55. Qc6 Kg7 56. d5 Qb2 57. Qd7+ Kg8 58. Qc8+ Kh7
59. Qc7+ Kg8 60. Qc8+ Kh7 61. Qc7+ 1/2-1/2

[Event "4NCL/Div1/GUI2 vs. WGR2"]
[Site "West Bromwich ENG"]
[Date "2004.11.21"]
[Round "4.6"]
[White "Sowray, Peter J"]
[Black "Anderton, Matthew N"]
[Result "1-0"]
[WhiteElo "2342"]
[BlackElo "2233"]
[PlyCount "81"]
[EventDate "2004.11.21"]
[SourceDate "2004.09.21"]

1. e4 e6 2. d4 d5 3. Nd2 Nf6 4. e5 Nfd7 5. c3 c5 6. Bd3 Nc6 7. Ne2 cxd4 8. cxd4
f6 9. exf6 Nxf6 10. Nf3 Bd6 11. O-O O-O 12. Bf4 Bxf4 13. Nxf4 Qd6 14. g3 Bd7
15. Re1 Rae8 16. Ne5 Re7 17. Bb5 Ne4 18. Bxc6 Bxc6 19. f3 Ng5 20. Kg2 Bb5 21.
Qd2 Nf7 22. Nxf7 Rfxf7 23. Re5 Rf5 24. Rae1 Rxe5 25. Rxe5 Be8 26. Qe2 Bf7 27.
h4 Re8 28. Kh3 Qb6 29. Qe3 Qxb2 30. Nxe6 Qb1 31. Nf4 Rf8 32. Re7 Qh1+ 33. Kg4
h5+ 34. Kg5 Qb1 35. Rxf7 Rxf7 36. Qe8+ Rf8 37. Qe6+ Rf7 38. Ng6 Qc1+ 39. f4 Qg1
40. Qe8+ Kh7 41. Qh8# 1-0

[Event "4NCL/Div1/GUI2 vs. WGR2"]
[Site "West Bromwich ENG"]
[Date "2004.11.21"]
[Round "4.7"]
[White "Richardson, Keith B"]
[Black "Pokorna, Regina"]
[Result "1/2-1/2"]
[WhiteElo "2220"]
[BlackElo "2370"]
[PlyCount "80"]
[EventDate "2004.11.21"]
[SourceDate "2004.09.21"]

1. c4 e6 2. Nf3 Nf6 3. g3 d5 4. Bg2 dxc4 5. Na3 Qd5 6. Qa4+ c6 7. Qxc4 Na6 8.
O-O Bc5 9. Qxd5 exd5 10. Nc2 O-O 11. a3 Re8 12. Re1 Bf5 13. Ncd4 Bd7 14. b4 Bb6
15. Bb2 Nc7 16. Nb3 Ne4 17. e3 Nd6 18. d3 Bf5 19. Red1 f6 20. h3 a5 21. bxa5
Bxa5 22. Nfd4 Bg6 23. a4 Bb4 24. Nc2 Ba5 25. Ba3 Nc4 26. Nxa5 Nxa3 27. Rxa3
Rxa5 28. Rb1 Ra7 29. Rab3 Rxa4 30. Rxb7 Ne6 31. Nb4 Nc5 32. Rb6 Nxd3 33. Nxd3
Bxd3 34. Rc1 Be4 35. Rbxc6 Bxg2 36. Kxg2 d4 37. exd4 Rxd4 38. Rc8 Rxc8 39.
Rxc8+ Kf7 40. Rc7+ Kg6 1/2-1/2

[Event "4NCL/Div1/GUI2 vs. WGR2"]
[Site "West Bromwich ENG"]
[Date "2004.11.21"]
[Round "4.8"]
[White "Tiller, Bjorn"]
[Black "Lang, Heather"]
[Result "1-0"]
[WhiteElo "2378"]
[BlackElo "2068"]
[PlyCount "45"]
[EventDate "2004.11.21"]
[SourceDate "2004.09.21"]

1. e4 e5 2. f4 Bc5 3. Nf3 d6 4. c3 f5 5. d4 exd4 6. cxd4 Bb4+ 7. Bd2 Bxd2+ 8.
Nbxd2 fxe4 9. Nxe4 Qe7 10. Kf2 Nh6 11. Qe1 Ng4+ 12. Kg1 O-O 13. Bc4+ Kh8 14. h3
Nf6 15. Nc3 Qxe1+ 16. Rxe1 c6 17. Kh2 b5 18. Bb3 Bd7 19. Ng5 b4 20. Nce4 h6 21.
Nf7+ Kh7 22. Nxf6+ gxf6 23. Nxd6 1-0

[Event "4NCL/Div1/GUI1 vs. BRI1"]
[Site "West Bromwich ENG"]
[Date "2004.11.21"]
[Round "4.1"]
[White "Hebden, Mark L"]
[Black "Cobb, Charles"]
[Result "1-0"]
[WhiteElo "2550"]
[BlackElo "2406"]
[PlyCount "59"]
[EventDate "2004.11.21"]
[SourceDate "2004.09.21"]

1. d4 e6 2. Nf3 d5 3. c4 Nf6 4. Bg5 c6 5. Nc3 Nbd7 6. e3 Qa5 7. Bxf6 Nxf6 8.
Bd3 Bb4 9. Qb3 c5 10. O-O O-O 11. Rac1 Bd7 12. Ne5 Rfd8 13. cxd5 cxd4 14. Nxd7
Nxd7 15. exd4 Bxc3 16. Rxc3 Qxd5 17. Qxd5 exd5 18. Rc7 Nf8 19. Rxb7 Ne6 20. Rd1
Rdb8 21. Ba6 Rxb7 22. Bxb7 Rb8 23. Bxd5 Rxb2 24. Bb3 Kf8 25. d5 Nc5 26. d6 Ke8
27. Bd5 Rb6 28. f4 Ne6 29. f5 Rxd6 30. fxe6 1-0